Aplikovaná biokatalýza s využitím voľných a imobilizovaných systémov

Enregistré dans:
Détails bibliographiques
Auteur principal: Markošová, Kristína (Auteur)
Autres auteurs: Rebroš, Martin (Directeur de thèse)
Format: Manuscrit Livre
Langue:slovaque
Publié: 2016
Sujets:
Accès en ligne:http://is.stuba.sk/zp/portal_zp.pl?podrobnosti=127601
Tags: Ajouter un tag
Pas de tags, Soyez le premier à ajouter un tag!

MARC

LEADER 00000ntm a22000003a 4500
001 stuzp54623
003 SK-STU
005 20161217210117.7
007 ta
008 150427s2015----xo-----f-mn---000-0-slo-d
040 |a STU  |b slo 
041 0 |a slo 
100 1 |a Markošová, Kristína  |u 044000  |k Z1  |4 aut  |U FCHPT Fakulta chemickej a potravinárskej technológie  |T FCHPT Ústav biotechnológie  |X 50617  |U C4000  |Y 102  |7 A0000050617 
242 0 1 |a Applied Biocatalysis Using Free and Immobilized Systems  |y eng 
245 1 0 |a Aplikovaná biokatalýza s využitím voľných a imobilizovaných systémov 
260 |c 2016 
650 4 |a immobilisation  |2 eng 
650 4 |a fermentation  |2 eng 
650 4 |a recombinant enzyme  |2 eng 
650 4 |a biocatalysis  |2 eng 
650 4 |a imobilizácia  |2 slo 
650 4 |a fermentácia  |2 slo 
650 4 |a rekombinantný enzým  |2 slo 
650 4 |a biokatalýza  |2 slo 
700 1 |a Rebroš, Martin  |u 044000  |k Z1  |4 ths  |U FCHPT Fakulta chemickej a potravinárskej technológie  |T FCHPT Ústav biotechnológie  |X 4015  |U C4000  |Y 102  |7 A000004015 
856 4 |u http://is.stuba.sk/zp/portal_zp.pl?podrobnosti=127601